00540nam a2200157 a 450000100100000000500170001000800410002704000250006810000340009324500630012725000120019026000310020230000210023395201110025499900170036500003942220201002031637.0130626s1973 mx 000 0 spa d aDO-SdBNPbspacBNPHU1 aRomero, José Rubén96561913aLa vida inútil de Pito Pérez /cJosé Rubén Romero. a10a ed. aMéxico :bPorrua,c1973. a231 p. ;c23 cm. 001054708MOaGRbGRcCTd2013-06-26iLF1l0o p39422-10r2020-06-25w2020-06-25y4ZPréstamo en sala c38912d38912